Lands of Middle Earth: Chain Quiz - Statistics

General Stats
  • This quiz has been taken 41 times
  • The average score is 9 of 13
Answer Stats
Hint Answer % Correct
A country inhabited by Hobbits: Shire
100%
The home of the horse lords: Rohan
97%
The Dúnedain were descendants of men from this island: Numenor
94%
Founded by the brothers Isildur and Anarion: Gondor
86%
The Last Homely House: Rivendell
81%
Also known as Lake-Town: Esgaroth
64%
The Mumakil came from this land: Harad
64%
The waterfall of the river Anduin: Rauros
64%
Amon Sul: Weathertop
61%
It has been said that no foe has ever taken this place, if men defended it: Hornburg
50%
Aragorn, Legolas and Gimli, with the Grey Company and the Army of the Dead, defeated the Corsairs here: Pelargir
47%
A fortress used by the Rohirrim; the path to it was lined with statues known as the Pukel-men: Dunharrow
44%
Forlong the Fat was lord of this land: Lossarnach
25%
No matching quizzes found
Score Distribution
Percent of People with Each Score
Percentile by Number Answered
Your Score History
You have not taken this quiz